00270nam a22000977a 4500008004100000020001800041100001700059245005900076260002900135300000800164251121b |||||||| |||| 00| 0 eng d a81-88458-71-6 aK. K. Sharma aFundamentals of Radar, Sonar & Navigation Engineering  aNew DelhibKatariac2008 a635